Online Catalogue and eLibrary

Dilemmas of Third World communism : (Record no. 427)

MARC details
000 -LEADER
fixed length control field 00762nam a2200229 a 4500
001 - CONTROL NUMBER
control field 3338625
005 - DATE AND TIME OF LATEST TRANSACTION
control field 20240219234414.0
008 - FIXED-LENGTH DATA ELEMENTS--GENERAL INFORMATION
fixed length control field 850430s1984 enka b 001 0 eng
020 ## - INTERNATIONAL STANDARD BOOK NUMBER
ISBN 0862322782
020 ## - INTERNATIONAL STANDARD BOOK NUMBER
ISBN 0862322790 (pbk.)
040 ## - CATALOGING SOURCE (பட்டியலாக்க மூலம்)
Original cataloging agency DLC
Transcribing agency DLC
Modifying agency DLC
082 00 - DDC Classification
Class No. 324.2598/075
DDC Edition Number 19
Item Number - Author Mark DIL.
100 1# - MAIN ENTRY--PERSONAL NAME
Personal name Törnquist, Olle.
245 10 - TITLE STATEMENT
Title Dilemmas of Third World communism :
Remainder of title the destruction of the PKI in Indonesia /
Statement of responsibility, etc. Olle Törnquist.
250 ## - EDITION STATEMENT
Edition statement 1st.
260 ## - PUBLICATION, DISTRIBUTION, ETC.
Place of publication, distribution, etc. London :
Name of publisher, distributor, etc. Zed Books ;
Place of publication, distribution, etc. Totowa, N.J. :
Name of publisher, distributor, etc. U.S. distributor, Biblio Distribution Center,
Date of publication, distribution, etc. 1984.
300 ## - PHYSICAL DESCRIPTION
Extent (e.g. Volumes, Pages etc.) x, 307 p :
500 ## - GENERAL NOTE
General note Revised translation of Marxistisk barlast.
500 ## - GENERAL NOTE
General note Revision of the author's thesis (doctoral)--1982.
500 ## - GENERAL NOTE
General note Includes index.
942 ## - Koha item type (Biblio)
Koha item type Books in Stacks (Lending)
Holdings
Lost status Damaged status Collection code Home library Current library Date acquired Full call number Accession Number Item type
    Lending WERC Library WERC Library 02/20/2024 324.2598/075 DIL. 2735 Books in Stacks (Lending)

© WERC Library